000 01596cam a2200289 i 4500
003 SA-RiAUC
005 20250712135750.0
008 250711s1993 su g 000 0 ara c
040 _aSA-RiKSU
_bara
_cSA-RiAUC
_erda
082 0 4 _a252.55
090 _a252.55
_bا ب ن ن
100 1 _aابن ناصر الدين، محمد بن عبد الله بن محمد،
_d777-842 هجري
_eمؤلف.
245 1 0 _aمجلس في فضل يوم عرفة وما يتعلق به /
_cلابن ناصر الدين الدمشقي. ويليه قوة الحجاج في عموم المغفرة للحجاج / ابن حجر العسقلاني ؛ اعتنى بإخراجها مكتب تحقيق التراث بدار القبلة للثقافة الإسلامية.
250 _aالطبعة الأولى.
264 1 _aجدة، السعودية :
_bدار القبلة للثقافة الإسلامية،
_c1993
300 _a117 صفحة ؛
_c24 سم
336 _aنص
_btxt
_2rdacontent
_3كتاب
337 _aبدون وسيط
_bn
_2rdamedia
338 _aمجلد
_bnc
_2rdacarrier
650 7 _aالحج
_2aucsh
650 7 _aالأماكن المقدسة الإسلامية
_zالسعودية
_2aucsh
700 1 2 _aابن حجر العسقلاني، أحمد بن علي بن محمد،
_d773-852 هجري
710 2 _aدار القبلة للثقافة الإسلامية (جدة، السعودية).
_bمكتب تحقيق التراث
_eمراجع.
740 0 2 _aقوة الحجاج في عموم المغفرة للحجاج.
942 _2ddc
_cBOOK
_n0
949 _aSA-JeALM
_d250711
_umohamedma123
_n1
999 _c9792
_d9792